000 00630nam a22002297a 4500
003 LK-CoDNM
005 20241004112725.0
008 241004b |||||||| |||| 00| 0 eng d
040 _aLK-CoDNM
_dLK-CoDNM
_eLK-CoDNM
041 _aeng
080 _a105
_bA18
100 _aFussell, Ronald.
245 _aA Asiatic Ideal
250 _aThe nature and purpose of the Ascetic ideal
260 _aKandy
_bBuddhist publication society
_c1960
300 _b27p. ; 20 cm
650 _aA Asiatic Ideal
650 _aFussell, Ronald.
650 _aThe nature and purpose of the Ascetic ideal
650 _a105 A18
942 _cBK
999 _c217636
_d217636